000 00531nam a2200229Ia 4500
003 OSt
005 20220918212112.0
006 a|||||r|||| 00| 0
007 ta
008 220917b |||||||| |||| 00| 0 eng d
024 _a127,264
037 _cTextual
040 _aARTS
_cARTS
_beng
041 _2eng
_aeng
082 _aW6, L02
100 _aDatta A
_971449
245 0 _aFor democracy
260 _c1972
650 _aPOLITICAL SCIENCE
942 _hW6, L02
_cTEXL
_2CC
999 _c250406
_d250406